1971.1999. War stories/ (Record no. 194518)
[ view plain ]
| 000 -LEADER | |
|---|---|
| fixed length control field | 00522nam a22001817a 4500 |
| 005 - DATE AND TIME OF LATEST TRANSACTION | |
| control field | 20221227144948.0 |
| 010 ## - LCCN (DPL NO) | |
| LC control number | ENG- 135951 |
| 020 ## - INTERNATIONAL STANDARD BOOK NUMBER | |
| International Standard Book Number | 9789390961474 |
| Terms of availability | 525.00 |
| 035 ## - SYSTEM CONTROL NUMBER | |
| System control number | EN-119483 |
| 037 ## - SOURCE OF ACQUISITION | |
| Source of stock number/acquisition | DBAD/PUB |
| 082 ## - DEWEY DECIMAL CLASSIFICATION NUMBER | |
| Classification number | S |
| 100 ## - MAIN ENTRY--PERSONAL NAME | |
| Personal name | Sathe, Nitin |
| 245 ## - TITLE STATEMENT | |
| Title | 1971.1999. War stories/ |
| Statement of responsibility, etc | by Nitin Sathe |
| 260 ## - PUBLICATION, DISTRIBUTION, ETC. (IMPRINT) | |
| Place of publication, distribution, etc | New Delhi |
| Name of publisher, distributor, etc | Vitasta publishing Pvt. Ltd |
| Date of publication, distribution, etc | 2023 |
| 270 ## - ADDRESS | |
| Address | 2/15, Ansari road,Daryaganj |
| City | New Delhi |
| Postal code | 110002 |
| 300 ## - PHYSICAL DESCRIPTION | |
| Extent | vii, 221p. |
| Other physical details | Acknowledgements |
| Dimensions | 21cm(hbk) |
| 942 ## - ADDED ENTRY ELEMENTS (KOHA) | |
| Source of classification or shelving scheme | Dewey Decimal Classification |
| Item type | English Books |
| Call number suffix | SAT |
| Classification part | S |
| Withdrawn status | Lost status | Not for loan | Home library | Current library | Date acquired | Full call number | Koha item type | Collection code | Source of acquisition | Cost, normal purchase price | Barcode | Copy number | Cost, replacement price |
|---|---|---|---|---|---|---|---|---|---|---|---|---|---|
| D.B.Act.Division | D.B.Act.Division | 27/12/2022 | S SAT | English Books | |||||||||
| Diz Area | Diz Area | 27/12/2022 | S SAT | English Books | Fiction | DBAD/PUB | 525.00 | EN-119483 | 1 | 525.00 |
